Ademptio legati příspěvek k nauce o zrušení odkazů podle práva římského

Bibliographic Details
Main Author: Boháček, Miroslav, 1899-1982 (Author)
Format: Book
Language:Czech
PhysicalDescription:iv, 165 strán 25 cm
Published: V Bratislavě Právnická fakulta University Komenského 1925
Series:Knihovna Právnické fakulty University Komenského Bratislavě
Subjects:

MARC

LEADER 00000cam a2200000 a 4500
001 vtls008365055
003 SK-MaSNL
005 20260302074555.0
008 250916s1925 xo frln 001 0 cze
015 |a SNBA19191938-000108 
020 |q (brožované) 
035 |a SK01SNKBIKKM20010057272 
035 |a SKM000059735 
040 |a SNK  |b slo  |c SNK  |e AACR2 
041 0 |a cze 
044 |a xo  |c SK 
072 7 |a 347  |x Súkromné právo  |2 konspekt 
080 |a 340.15  |2 2011 
080 |a 347.65/.68  |2 2011 
080 |a (048.8)  |2 2011 
080 |a 34(091)  |2 2011 
100 1 |a Boháček, Miroslav,  |d 1899-1982  |4 aut  |9 239040 
245 1 0 |a Ademptio legati  |b příspěvek k nauce o zrušení odkazů podle práva římského  |c napsal Miroslav Boháček 
260 |a V Bratislavě  |b Právnická fakulta University Komenského  |c 1925 
300 |a iv, 165 strán  |c 25 cm 
490 1 |a Knihovna Právnické fakulty University Komenského Bratislavě  |v sv. 10 
504 |a Obsahuje bibliografické odkazy. Register prameňov na strane 161-165 
650 0 7 |a rímske právo  |2 SNKPH  |9 983 
650 0 7 |a dedičské právo  |2 SNKPH  |9 1308 
650 0 7 |a právne dejiny  |2 SNKPH  |9 977 
655 7 |a štúdie  |2 SNKPH  |9 57033 
655 7 |a monografie  |2 SNKPH  |9 70139 
752 |a Slovensko  |d Bratislava 
830 0 |a Knihovna Právnické fakulty University Komenského Bratislavě  |9 740396 
852 |a Slovenská národná knižnica 
954 |a odborná, vedecká literatúra cudzojazyčná (svetová)  |2 lita 
958 |a EUIPO 
958 |a RK 
958 |a TL 
958 |a CZ 
958 |a OND 
958 |a SP 
958 |a NB 
999 |c 1165563  |d 1167493 
952 |a SNK  |b SNK  |y PREZ  |7 0  |p 17A0190414  |o snkSC 1789/10  |i snk1316/35  |0 0  |1 0  |4 0  |d 1999-04-23  |f 1  |l 0  |r 2025-06-11 00:00:00  |w 2026-02-24